La filosofía en el Renacimiento / (Record no. 192974)

MARC details
000 -LEADER
campo de control de longitud fija 01555nam a2200433 i 4500
001 - NÚMERO DE CONTROL
campo de control 192974
003 - IDENTIFICADOR DE NÚMERO DE CONTROL
campo de control SpMaBN
005 - FECHA Y HORA DE LA ÚLTIMA TRANSACCIÓN
campo de control 20250815050811.0
007 - CAMPO FIJO DE DESCRIPCIÓN FÍSICA--INFORMACIÓN GENERAL
campo de control de longitud fija ta
008 - DATOS DE LONGITUD FIJA--INFORMACIÓN GENERAL
campo de control de longitud fija 230713s1974 sp | |||| 001 0 spa
016 7# - NÚMERO DE CONTROL DE UNA AGENCIA BIBLIOGRÁFICA NACIONAL
Número de control del registro bimoBNE19981539288
Número de control cancelado/no válido IND9200337239
Fuente SpMaBN
017 ## - NÚMERO DE COPYRIGHT O DE DEPÓSITO LEGAL
Número de copyright o de depósito legal M 17317-1974
Agencia que asigna Oficina Depósito Legal Madrid
020 ## - NÚMERO INTERNACIONAL ESTÁNDAR DEL LIBRO
Número Internacional Estándar del Libro 8432301361
035 ## - NÚMERO DE CONTROL DEL SISTEMA
Número de control de sistema (OCoLC)431909265
035 ## - NÚMERO DE CONTROL DEL SISTEMA
Número de control de sistema bimo0000909174
040 ## - FUENTE DE CATALOGACIÓN
Centro catalogador/agencia de origen SpMaBN
Lengua de catalogación spa
Centro/agencia transcriptor A2
Centro/agencia modificador ES-MaACL
044 ## - CÓDIGO DEL PAÍS DE LA ENTIDAD EDITORA/PRODUCTORA
Código MARC del país sp
-- mx
080 ## - NÚMERO DE LA CLASIFICACIÓN DECIMAL UNIVERSAL
Número de la Clasificación Decimal Universal 1"14/15"
100 0# - ENTRADA PRINCIPAL--NOMBRE DE PERSONA
Nombre de persona Gandillac, Maurice de,
Fechas asociadas al nombre 1906-2006
Número de control del registro de autoridad o número normalizado XX1146907
9 (RLIN) 53842
245 13 - MENCIÓN DEL TÍTULO
Título La filosofía en el Renacimiento /
Mención de responsabilidad, etc. bajo la dirección de Yvon Belaval. [Traductores Manuel Pérez Ledesma, Teodoro de Andrés, Joaquín Sanz Guijarro]
250 ## - MENCION DE EDICION
Mención de edición 1ª ed. en castellano
260 ## - PUBLICACIÓN, DISTRIBUCIÓN, ETC.
Lugar de publicación, distribución, etc. Madrid :
Nombre del editor, distribuidor, etc. Siglo XXI de España ;
Fecha de publicación, distribución, etc. 1974.
300 ## - DESCRIPCIÓN FÍSICA
Extensión 377 p. ;
Dimensiones 18 cm
336 ## - TIPO DE CONTENIDO
Término de tipo de contenido Texto (visual)
Fuente rdacontent
337 ## - TIPO DE MEDIO
Nombre/término del tipo de medio sin mediación
Fuente rdamedia
338 ## - TIPO DE SOPORTE
Fuente rdacarrier
Nombre/término del tipo de soporte volumen
490 1# - MENCIÓN DE SERIE
Mención de serie Historia de la Filosofía siglo XXI ;
Designación de volumen o secuencia 5
504 ## - NOTA DE BIBLIOGRAFÍA, ETC.
Nota de bibliografía, etc. Bibliografía: p. 328-344. Índices
650 #7 - PUNTO DE ACCESO ADICIONAL DE MATERIA--TÉRMINO DE MATERIA
Término de materia o nombre geográfico como elemento de entrada Filosofía renacentista
Fuente del encabezamiento o término embne
9 (RLIN) 147263
700 0# - ENTRADA AGREGADA--NOMBRE PERSONAL
Nombre de persona Belaval, Yvon
9 (RLIN) 27130
700 1# - ENTRADA AGREGADA--NOMBRE PERSONAL
Nombre de persona Pérez Ledesma, Manuel,
Fechas asociadas al nombre 1944-2018
9 (RLIN) 90962
700 0# - ENTRADA AGREGADA--NOMBRE PERSONAL
Nombre de persona Andrés, Teodoro de
9 (RLIN) 21589
700 0# - ENTRADA AGREGADA--NOMBRE PERSONAL
Nombre de persona Sanz Guijarro, Joaquín
9 (RLIN) 103646
830 #0 - PUNTO DE ACCESO ADICIONAL DE SERIE-TÍTULO UNIFORME
Título uniforme Historia de la filosofía (Siglo XXI)
Designación de volumen o secuencia 5
9 (RLIN) 233698
942 ## - ELEMENTOS DE ENTRADA SECUNDARIOS (KOHA)
Suprimir en OPAC No
Tipo de ítem Koha Libro impreso
Holdings
Estatus retirado Estado de pérdida Fuente del sistema de clasificación o colocación Estado de daño No para préstamo Biblioteca de origen Biblioteca actual Ubicación en estantería Fecha de adquisición Fuente de adquisición Total de préstamos Signatura topográfica completa Código de barras Visto por última vez Precio de reemplazo Tipo de ítem Koha
    Clasificación decimal universal     Biblioteca del Ateneo de Madrid Biblioteca del Ateneo de Madrid Depósito 2 13/07/2023 Compra   L-2984 101205569 13/07/2023 13/07/2023 Libro impreso